000 00383nam a22001577a 4500
003 OSt
008 260227b |||||||| |||| 00| 0 eng d
020 _a9788193768921
082 _a613.7 MUY
100 _aMUKUNDANANDA,Swami
245 _aYoga for the Body Mind and Soul
250 _a3rd Ed
260 _aNew Delhi
_bRadha Govind Dham
_c2018
300 _a426p
942 _2ddc
_cREF
999 _c13871
_d13871